000 nam a22 7a 4500
999 _c7717
_d7717
008 171003b xxu||||| |||| 00| 0 eng d
100 _aDenholm Richard A
_94201
245 _aMathematics for Achievment
260 _aToronto
_bHoughton Mifflin company
_c1977